<?xml version="1.0" encoding="UTF-8"?>
<record
    xmlns:xsi="http://www.w3.org/2001/XMLSchema-instance"
    xsi:schemaLocation="http://www.loc.gov/MARC21/slim http://www.loc.gov/standards/marcxml/schema/MARC21slim.xsd"
    xmlns="http://www.loc.gov/MARC21/slim">

  <leader>02007nam a2200277uu 4500</leader>
  <controlfield tag="001">1114402</controlfield>
  <controlfield tag="005">20260507085349.0</controlfield>
  <controlfield tag="007">cr|||||||</controlfield>
  <controlfield tag="008">081119s2008                        spa  </controlfield>
  <datafield tag="035" ind1=" " ind2=" ">
    <subfield code="a">1114402</subfield>
  </datafield>
  <datafield tag="040" ind1=" " ind2=" ">
    <subfield code="c">comduadb</subfield>
  </datafield>
  <datafield tag="041" ind1=" " ind2=" ">
    <subfield code="a">spa</subfield>
  </datafield>
  <datafield tag="080" ind1=" " ind2=" ">
    <subfield code="a">PBI</subfield>
  </datafield>
  <datafield tag="100" ind1="1" ind2="0">
    <subfield code="a">L&#xF3;pez Ram&#xED;rez, Erika Natalia</subfield>
    <subfield code="4">aut</subfield>
    <subfield code="e">aut</subfield>
    <subfield code="9">556714</subfield>
  </datafield>
  <datafield tag="245" ind1="1" ind2="0">
    <subfield code="a">Documentaci&#xF3;n del sistema de gesti&#xF3;n de la calidad en la Empresa laboratorios M.E.B. Ltda.</subfield>
  </datafield>
  <datafield tag="260" ind1=" " ind2=" ">
    <subfield code="a">Medell&#xED;n :</subfield>
    <subfield code="b">[sin publicador],</subfield>
    <subfield code="c">2008.</subfield>
  </datafield>
  <datafield tag="300" ind1=" " ind2=" ">
    <subfield code="a">114 p&#xE1;ginas</subfield>
  </datafield>
  <datafield tag="520" ind1="3" ind2=" ">
    <subfield code="a">Este trabajo se desarroll&#xF3; primordialmente en la conciencia que posee la Gerencia de la Empresa Laboratorios M.E.B Ltda., sobre la importancia que tiene la calidad de los servicios para el &#xE1;rea de la salud y para lograr &#xE9;ste prop&#xF3;sito, la lata direcci&#xF3;n asume el dise&#xF1;o, desarrollo e implantaci&#xF3;n del SGC bajo la norma NTC ISO 9001:2000, pensando en la satisfacci&#xF3;n del cliente y en la responsabilidad que implica realizar el mantenimiento para equipos biom&#xE9;dicos. En la actualidad las empresas de todos los campos y sectores est&#xE1;n viendo la necesidad de enfocarse en pol&#xED;ticas de calidad, para asegurar a sus clientes productos y servicios que cumplen con est&#xE1;ndares internacionales de calidad; producir mejoras notorias a nivel interno y ser reconocidas y posicionarse dentro del mercado al cual pertenece. De esta forma se genera el "boom" de las Normas ISO familia 9000. A continuaci&#xF3;n se encuentra una descripci&#xF3;n de las actividades desarrolladas y los resultados obtenidos durante el desarrollo del semestre de pr&#xE1;ctica profesional, los cuales permitir&#xE1;n a la empresa, continuar con la implementaci&#xF3;n del Sistema de Gesti&#xF3;n de la Calidad.(SGC)</subfield>
  </datafield>
  <datafield tag="650" ind1=" " ind2=" ">
    <subfield code="a">Sistema de gesti&#xF3;n de calidad</subfield>
    <subfield code="9">104183</subfield>
  </datafield>
  <datafield tag="650" ind1=" " ind2=" ">
    <subfield code="a">Documentaci&#xF3;n de procesos</subfield>
    <subfield code="9">160956</subfield>
  </datafield>
  <datafield tag="700" ind1="1" ind2="0">
    <subfield code="a">Ot&#xE1;lvaro Mesa, John Jairo</subfield>
    <subfield code="4">ths</subfield>
    <subfield code="e">ths</subfield>
    <subfield code="9">459233</subfield>
  </datafield>
  <datafield tag="700" ind1="1" ind2="0">
    <subfield code="a">&#xC1;lvarez V&#xE9;lez, Luis Carlos</subfield>
    <subfield code="4">ths</subfield>
    <subfield code="e">ths</subfield>
    <subfield code="9">569032</subfield>
  </datafield>
  <datafield tag="942" ind1=" " ind2=" ">
    <subfield code="c">TESIS</subfield>
  </datafield>
  <datafield tag="999" ind1=" " ind2=" ">
    <subfield code="c">480232</subfield>
    <subfield code="d">480232</subfield>
  </datafield>
  <datafield tag="502" ind1=" " ind2=" ">
    <subfield code="b">168</subfield>
    <subfield code="c">17</subfield>
  </datafield>
  <datafield tag="526" ind1=" " ind2=" ">
    <subfield code="a">170</subfield>
  </datafield>
  <datafield tag="952" ind1=" " ind2=" ">
    <subfield code="0">0</subfield>
    <subfield code="1">0</subfield>
    <subfield code="4">0</subfield>
    <subfield code="7">0</subfield>
    <subfield code="8">TESELEC</subfield>
    <subfield code="a">CENDI</subfield>
    <subfield code="b">CENDI</subfield>
    <subfield code="d">2008-11-19</subfield>
    <subfield code="i">C1025820</subfield>
    <subfield code="l">0</subfield>
    <subfield code="o">PBI 04808</subfield>
    <subfield code="r">2023-04-28 00:00:00</subfield>
    <subfield code="t">1</subfield>
    <subfield code="w">2023-04-28</subfield>
    <subfield code="y">INTER</subfield>
    <subfield code="z">Acceso restringido.</subfield>
  </datafield>
</record>
